| 000 | 03378cam a2200349 a 4500 | ||
|---|---|---|---|
| 999 |
_c61309 _d61309 |
||
| 001 | 15292105 | ||
| 005 | 20240202102331.0 | ||
| 008 | 080507s2008 nyua b 001 0 eng | ||
| 010 | _a 2008273687 | ||
| 020 | _a9780307389008 X (pbk.) | ||
| 040 |
_aDLC _cDLC |
||
| 043 | _an-us--- | ||
| 050 | 0 | 0 |
_aJK468.I6 _bW44 2008 |
| 080 | _a342.511(73)+355 W-42 | ||
| 100 | 1 |
_aWeiner, Tim. _921182 |
|
| 245 | 1 | 0 |
_aLegacy of ashes : _bthe history of the CIA / _cTim Weiner ; [with a new afterword]. |
| 250 | _a1st Anchor Books ed. | ||
| 260 |
_aNew York : _bAnchor Books, _c2008. |
||
| 300 |
_axxii, 812 p. : _bill. ; _c21 cm. |
||
| 504 | _aIncludes bibliographical references (p. [607]-778) and index. | ||
| 505 | 0 | _a"In the beginning, we knew nothing" : the CIA under Truman, 1945-1953 -- "A strange kind of genius" : the CIA under Eisenhower, 1953 to 1961 -- Lost causes : the CIA under Kennedy and Johnson, 1961 to 1968 -- "Get rid of the clowns" : the CIA under Nixon and Ford, 1968 to 1977 -- Victory without joy : the CIA under Carter, Reagan, and George H.W. Bush, 1977 to 1993 -- The reckoning : the CIA under Clinton and George W. Bush, 1993 to 2007. | |
| 505 | 0 | _aIntelligence must be global and totalitarian -- The logic of force -- Fight fire with fire -- The most secret thing -- A rich blind man -- They were suicide missions -- A vast field of illusion -- We have no plan -- CIA's greatest single triumph -- Bomb repeat bomb -- And then we'll have a storm -- We ran it in a different way -- Wishful blindness -- Ham-handed operations of all kinds -- A very strange war -- He was lying down and he was lying up -- Nobody knew what to do -- We had also fooled ourselves -- We'd be delighted to trade those missiles -- Hey, boss, we did a good job, didn't we? -- I thought it was a conspiracy -- An ominous drift -- More courage than wisdom -- The beginning of a long slide downwards -- We knew then that we could not win the war -- A political H-bomb -- Track down the foreign communists -- What the hell do those clowns do out there in Langley? -- USG wants a military solution -- We are going to catch a lot of hell -- To change the concept of a secret service -- A classic fascist ideal -- The CIA would be destroyed -- Saigon signing off -- Ineffective and scared -- He sought to overthrow their system -- We were just plain asleep -- A free-lance buccaneer -- In a dangerous way -- He was running a great risk -- A con man's con man -- To think the unthinkable -- What are we going to do when the wall comes down? -- We had no facts -- Why in the world didn't we know? -- We're in trouble -- The threat could not be more real -- The dark side -- A grave mistake -- The burial ceremony. | |
| 610 | 1 | 0 |
_aUnited States. _bCentral Intelligence Agency _xHistory. _921183 |
| 650 | 0 |
_aIntelligence service _zUnited States _xHistory. _921184 |
|
| 651 | 0 |
_aUnited States _xHistory _y1945- _921185 |
|
| 653 | _aშეერთებული შტატები ისტორია | ||
| 653 | _aდაზვერვის სამსახური | ||
| 653 | _aსამართალი | ||
| 906 |
_a7 _bcbc _corigcop _d1 _encip _f20 _gy-gencatlg |
||
| 942 |
_2udc _cᲬᲘᲒᲜᲘ |
||
| 955 |
_apv11 2008-05-07 z-processor HAND CARRY to SSCD _isf03 2008-05-20 _aaa19 2008-05-20 _aBarcode 00266343061 returned from bindery 2010-03-10 _bhb09 2017-02-14 copy to LOAN |
||